005160000a2200145000450024500970000065000200009765000300011765100380014765300290018565300290021404100130024370000200025610000240027677300700030010aMorphology, genetics, and ecology of pocket gophers () in a narrow hybrid zone14aHibridización14aDiferenciación primaria 4mOakdaledNebraskapEstados Unidos gGeomyseGeomys bursarius gGeomyseGeomys lutescens0 aInglés1 aTimm, Robert M.1 aHeaney, Lawrence R.1 tBiological Journal of the Linnean Society3166h25q301-317d1985